50 States Song - Statistics

General Stats
  • This quiz has been taken 333 times
  • The average score is 58 of 113
Answer Stats
Answer % Correct
Alabama
92%
Alaska
88%
Arkansas
83%
Arizona
81%
California
77%
Colorado
73%
Hawaii
73%
in
73%
New
73%
Delaware
72%
Florida
72%
Georgia
72%
no
72%
Connecticut
71%
Illinois
71%
Indiana
70%
North
70%
Idaho
69%
Kansas
69%
Maine
69%
York
69%
Carolina
68%
Dakota
68%
South
68%
Hampshire
67%
Jersey
67%
Kentucky
67%
Michigan
67%
Mississippi
67%
Texas
67%
Washington
67%
Maryland
66%
Mexico
66%
Iowa
65%
is
65%
or
65%
Virginia
65%
Louisiana
64%
Montana
64%
Ohio
64%
West
64%
Oregon
63%
the
63%
Wyoming
63%
Missouri
62%
Nevada
62%
Vermont
62%
Massachusetts
61%
Minnesota
61%
Utah
61%
and
60%
Oklahoma
60%
Pennsylvania
60%
Tennessee
60%
Rhode
58%
Island
57%
Wisconsin
57%
state
47%
to
37%
go
32%
states
32%
last
30%
it
27%
50
23%
be
23%
that
23%
There's
22%
there's
22%
more
20%
next
16%
too
16%
good
15%
old
15%
rhyme
15%
now
14%
27
12%
down
12%
way
12%
35
11%
I'm
11%
Nebraska's
11%
49
10%
number
10%
see
10%
28's
9%
almost
9%
could
9%
let's
9%
through
9%
just
5%
No matching quizzes found
Score Distribution
Percent of People with Each Score
Percentile by Number Answered
Your Score History
You have not taken this quiz